Physiology of mammals and other vertebrates (Record no. 9689)
[ view plain ]
| 000 -LEADER | |
|---|---|
| fixed length control field | 00249nam a22001217a 4500 |
| 040 ## - CATALOGING SOURCE | |
| Transcribing agency | SY |
| 082 ## - DEWEY DECIMAL CLASSIFICATION NUMBER | |
| Classification number | 596 |
| 100 ## - MAIN ENTRY--AUTHOR NAME | |
| Personal name | MARSHALL |
| 245 ## - TITLE STATEMENT | |
| Title | Physiology of mammals and other vertebrates |
| 260 ## - PUBLICATION, DISTRIBUTION, ETC. (IMPRINT) | |
| Place of publication | RUA |
| Name of publisher | MAR |
| Year of publication | 2004 |
| 300 ## - PHYSICAL DESCRIPTION | |
| Number of Pages | 343p. |
| 942 ## - ADDED ENTRY ELEMENTS (KOHA) | |
| Koha item type | សៀវភៅភាសាខ្មែរ |
| 952 ## - LOCATION AND ITEM INFORMATION (KOHA) | |
| Withdrawn status [LOCAL, KOHA] | 0 |
| Permanent Location | Date acquired | Koha item type | Lost status | Shelving location | Barcode | Current Location | Full call number |
|---|---|---|---|---|---|---|---|
| Library Block C | 2016-09-07 | សៀវភៅភាសាខ្មែរ | C161 | RUA056478 | Library Block C | 596 MAR 2004 C161 |